Normal view MARC view
  • Ancianos

Entry Materia

Number of records used in: 13

001 - NÚMERO DE CONTROL DEL REGISTRO

  • campo de control: 6393

003 - IDENTIFICADOR DE NUMERO DE CONTROL

  • campo de control: UPN

005 - FECHA Y HORA DE LA ÚLTIMA TRANSACCIÓN

  • campo de control: 20230310120258.0

008 - DATOS DE LONGITUD FIJA

  • campo de control de longitud fija: 230310n||acnnnbabn | ana |d

035 ## - NÚMERO DE CONTROL DEL SISTEMA

  • Número de control del sistema: UPN10000006395

040 ## - FUENTE DE LA CATALOGACIÓN

  • Centro catalogador de origen: UPN
  • Lengua de catalogación: spa
  • Agencia de transcripción: UPN

046 ## - FECHAS CON CODIFICACIÓN ESPECIAL

  • Fecha final para contenidos agregados: 2023

150 ## - ENCABEZAMIENTO - TEMÁTICO

  • Término de materia o nombre geográfico como elemento inicial: Ancianos
  • Subdivisión de materia general: Cuidado

550 ## - VÉASE ADEMÁS - MATERIA

  • Encabezamiento temático o nombre geográfico como elemento de entrada: ANCIANOS -
  • Subdivisión temática general: SALUD E HIGIENE

670 ## - FUENTE EN LA QUE SE LOCALIZARON DATOS

  • Cita de la fuente: LC
  • Información localizada: Older people - Care

902 ## - CATALOGADOR

  • Catalogador: CAA/200407